| 000 | 01536nam0a2200349 4500 | ||
|---|---|---|---|
| 001 | RU\NLR\BIBL_A\012690674 | ||
| 005 | 20220330141853.0 | ||
| 010 |
_a978-5-389-19946-0 _97000 |
||
| 021 |
_aRU _bКН-П-21-066012 _9КН-П-21-5214 |
||
| 035 | _a(NLR Aleph) 012690674 | ||
| 090 |
_a12846108 _c12846108 |
||
| 100 | _a20220124d2021 d y0rusy50 ca | ||
| 101 | 1 |
_arus _ceng |
|
| 102 | _aRU | ||
| 105 | _aa z 000ay | ||
| 181 | 0 |
_ai _baxxe |
|
| 181 | 0 |
_ab _baxxe |
|
| 182 | 0 | _an | |
| 200 | 1 |
_aАлиса в Зазеркалье _eсказочная повесть _e[для среднего школьного возраста] _fЛьюис Кэрролл _gперевод с английского Владимира Азова _gстихи в переводе Татьяны Щепкиной-Куперник _gхудожник Ирина Гаврилова |
|
| 203 |
_aТекст _bвизуальные _cнепосредственные |
||
| 210 |
_aМосква _cМахаон _cАзбука-Аттикус _d2021 |
||
| 215 |
_a171, [2] с. _cцв. ил. _d24 |
||
| 225 | 1 | _aЯркая ленточка | |
| 333 | _a0+ | ||
| 686 | 0 | _aШ9(4Вл)62-4 | |
| 700 | 1 |
_aКэрролл _bЛ. _f1832-1898 _gЛьюис _3RU\NLR\AUTH\7710596 |
|
| 702 | 1 |
_aГаврилова _bИ. К. _cхудожник _f1975- _gИрина Константиновна _3RU\NLR\AUTH\7795887 _4040 |
|
| 942 | _cBOOK | ||
| 980 | _aNB | ||